000
00256nam a2200109 a 4500
005
20140414131952.0
008
110207s19uu xx 00 eng d
050
_a
TR 428.4
_b
So8 2005
245
_a
Sound letters make.
440
_a
Phonics
999
_c
112811
_d
112811